<?xml version="1.0" encoding="UTF-8"?>
<record
    xmlns:xsi="http://www.w3.org/2001/XMLSchema-instance"
    xsi:schemaLocation="http://www.loc.gov/MARC21/slim http://www.loc.gov/standards/marcxml/schema/MARC21slim.xsd"
    xmlns="http://www.loc.gov/MARC21/slim">

  <leader>01346nam a2200289 i 4500</leader>
  <controlfield tag="001">7404</controlfield>
  <controlfield tag="003">ES-MaACL</controlfield>
  <controlfield tag="005">20250805063219.0</controlfield>
  <controlfield tag="007">t|</controlfield>
  <controlfield tag="008">901219s1976    sp           ||||1| spa d</controlfield>
  <datafield tag="017" ind1=" " ind2=" ">
    <subfield code="a">M 34526-1976 </subfield>
    <subfield code="b">Oficina Dep&#xF3;sito Legal Madrid </subfield>
  </datafield>
  <datafield tag="020" ind1=" " ind2=" ">
    <subfield code="a">84-276-0357-6</subfield>
  </datafield>
  <datafield tag="080" ind1=" " ind2=" ">
    <subfield code="a">398.8(468.1)(04) </subfield>
  </datafield>
  <datafield tag="100" ind1="1" ind2=" ">
    <subfield code="a">Lavaur, Luis,</subfield>
    <subfield code="d">1917-</subfield>
    <subfield code="e">aut</subfield>
    <subfield code="9">70695</subfield>
  </datafield>
  <datafield tag="245" ind1="1" ind2="0">
    <subfield code="a">Teor&#xED;a rom&#xE1;ntica del cante flamenco / </subfield>
    <subfield code="c">Luis Lavaur</subfield>
  </datafield>
  <datafield tag="260" ind1=" " ind2=" ">
    <subfield code="a">Madrid : </subfield>
    <subfield code="b">Editora Nacional, </subfield>
    <subfield code="c">[1976]</subfield>
  </datafield>
  <datafield tag="300" ind1=" " ind2=" ">
    <subfield code="a">219 p&#xE1;ginas ; </subfield>
    <subfield code="c">18 cm</subfield>
  </datafield>
  <datafield tag="490" ind1="1" ind2=" ">
    <subfield code="a">Libros de bolsillo (Editora Nacional)</subfield>
    <subfield code="9">241563</subfield>
  </datafield>
  <datafield tag="520" ind1=" " ind2=" ">
    <subfield code="a">Lavaur defiende en esta obra la tesis del car&#xE1;cter moderno, urbano y gitanista del cante y baile flamenco, de la paradoja de su "nacimiento" a caballo ente la taberna y la &#xF3;pera italianizante de la &#xE9;poca, entre los colmaos y los escenarios de los teatros parisinos. Desvela buena parte del origen "terrestre" del g&#xE9;nero gitano-andaluz al anticiparse a los resultados de los m&#xE1;s recientes investigadores del flamenco</subfield>
  </datafield>
  <datafield tag="650" ind1=" " ind2="7">
    <subfield code="a">Cante flamenco</subfield>
    <subfield code="2">embne</subfield>
    <subfield code="9">10750</subfield>
  </datafield>
  <datafield tag="650" ind1=" " ind2="7">
    <subfield code="a">Baile flamenco</subfield>
    <subfield code="2">embne</subfield>
    <subfield code="9">169594</subfield>
  </datafield>
  <datafield tag="830" ind1=" " ind2="0">
    <subfield code="a">Libros de bolsillo (Editora Nacional)</subfield>
    <subfield code="9">241563</subfield>
  </datafield>
  <datafield tag="852" ind1=" " ind2=" ">
    <subfield code="a">ES-MaACL</subfield>
    <subfield code="b">R.118692 </subfield>
    <subfield code="c">DEPO2</subfield>
    <subfield code="j">L-14688 </subfield>
  </datafield>
  <datafield tag="942" ind1=" " ind2=" ">
    <subfield code="2">udc</subfield>
    <subfield code="c">MONOGRAFIA</subfield>
    <subfield code="n">0</subfield>
  </datafield>
  <datafield tag="999" ind1=" " ind2=" ">
    <subfield code="c">7404</subfield>
    <subfield code="d">7404</subfield>
  </datafield>
  <datafield tag="952" ind1=" " ind2=" ">
    <subfield code="0">0</subfield>
    <subfield code="1">0</subfield>
    <subfield code="4">0</subfield>
    <subfield code="7">0</subfield>
    <subfield code="a">ATENEOM</subfield>
    <subfield code="b">ATENEOM</subfield>
    <subfield code="c">DEPO2</subfield>
    <subfield code="d">2008-01-17</subfield>
    <subfield code="e">SC</subfield>
    <subfield code="l">0</subfield>
    <subfield code="o">L-14688</subfield>
    <subfield code="p">1007551</subfield>
    <subfield code="r">2023-02-23 00:00:00</subfield>
    <subfield code="w">2023-02-23</subfield>
    <subfield code="y">MONOGRAFIA</subfield>
  </datafield>
</record>
